000 00355nam a2200145Ia 4500
008 230917s9999||||xx |||||||||||||| ||und||
040 _e46860
_aMAIN
041 _aEnglish
082 _a813.09 O8F
100 _aSchmidt, Michael
245 0 _aFifty modern British poets
260 _aLondon
_bArnold-Heinemann
_c1980
300 _a351p p.
942 _cBK
999 _c218124
_d218124